Dark Hero of the Information Age : In Search of Norbert Wiener, The Father of Cybernetics /
Gardado en:
| Autor Principal: | |
|---|---|
| Outros autores: | |
| Formato: | Libro |
| Idioma: | inglés |
| Publicado: |
Nueva York, EUA :
Basic Books,
2006, c2005
|
| Temas: | |
| Acceso en liña: | Ver documento en línea |
| Etiquetas: |
Sen Etiquetas, Sexa o primeiro en etiquetar este rexistro!
|
MARC
| LEADER | 00000nam^a2200000^a^4500 | ||
|---|---|---|---|
| 001 | 000563223 | ||
| 005 | 20251023000000.0 | ||
| 009 | 20260310132000.364 | ||
| 022 | |a 9780786735617 | ||
| 037 | |a Acervo ITESO - Biblioteca | ||
| 041 | |a ING | ||
| 082 | |a 510. 92 |b CON | ||
| 100 | |a Conway, Flo |e (autor) | ||
| 245 | 1 | 0 | |a Dark Hero of the Information Age : |b In Search of Norbert Wiener, The Father of Cybernetics / |c F. Conway, J. Siegelman. |
| 264 | 4 | |a Nueva York, EUA : |b Basic Books, |c 2006, c2005 | |
| 264 | 2 | |a Birmingham, EUA : |b EBSCOhost [distribución], |c 2023 | |
| 300 | |a 1 libro electrónico en línea (XV, 423 p.) | ||
| 300 | |a 1 recurso en línea | ||
| 336 | |a datos para computadora |b cod |2 rdacontenido | ||
| 337 | |a computadora |b c |2 rdamedio | ||
| 338 | |a recurso en línea |b cr |2 rdasoporte | ||
| 506 | 0 | |a 1 licencia | |
| 649 | |a XX | ||
| 650 | |a Matemáticos Norteamericanos - |x Biografías | ||
| 650 | |a Cibernética - |x Historia | ||
| 650 | |a Matemáticas - |x Historia | ||
| 650 | |a Matemáticas - |x Investigación | ||
| 650 | |a Ciencia - |x Investigación | ||
| 650 | |a Wiener, Norbert - |x Tema Principal | ||
| 700 | |a Siegelman, Jim |e (autor) | ||
| 856 | 4 | 0 | |u https://ezproxy.iteso.mx/login?url=https://search.ebscohost.com/login.aspx?direct=true&scope=site&db=nlebk&db=nlabk&AN=584049 |y Ver documento en línea |
| 910 | |a Fondo General | ||
| 920 | |a Electrónicos - Libros en Línea | ||
| 930 | |a Plataforma Digital | ||
| 905 | |a 205 | ||
| 901 | |a 563223-1 |b IT2 |c EBO |i C |u 20250521 | ||
| 902 | |a https://opac.biblio.iteso.mx/vufind/Record/000563223 | ||